Hidat építünk a szakadék fölé a Reménység első három évtizede függőségről és józanságról, küzdelmekről és csodákról

Bibliographic Details
Main Authors: Szőcs, Gizella (Author), Szőcs, Kálmán (Author)
Other Authors: Szőcs, Dávid (Bookjacket designer, Photographer)
Format: Book
Language:Hungarian
PhysicalDescription:176 strán fotografie 21 cm
Published: [Veľké Kosihy] Nádej - Reménység, n.o. 2024
ISBN:9788097498801
Subjects:

MARC

LEADER 00000cam a2200000 4500
001 vtls012271799
003 SK-MaSNL
005 20260301205941.0
008 250221s2024 xo o g 000 j hun
015 |a SNBA2025/03 
020 |a 9788097498801  |q (brožované) 
040 |a SNK  |b slo  |c SNK  |e rda 
041 0 |a hun 
044 |a xo  |c SK 
072 7 |a 821.511.1  |x Ugrofínske literatúry  |2 konspekt 
072 7 |a 613  |x Hygiena. Ľudské zdravie  |2 konspekt 
080 |a 316.344.6-056.83  |2 2011 
080 |a 613.81  |2 2011 
080 |a 364-782.2  |2 2011 
080 |a 821.511.141-32  |2 2011 
080 |a (082.2)  |2 2011 
100 1 |a Szőcs, Gizella  |4 aut  |9 473174 
245 1 0 |a Hidat építünk a szakadék fölé  |b a Reménység első három évtizede függőségről és józanságról, küzdelmekről és csodákról  |c Szőcs Gizella a Szőcs Kálman 
246 3 1 |a Reménység első három évtizede függőségről és józanságról, küzdelmekről és csodákról 
264 1 |a [Veľké Kosihy]  |b Nádej - Reménység, n.o.  |c 2024 
300 |a 176 strán  |b fotografie  |c 21 cm 
336 |a text  |b txt  |2 rdacontent 
336 |a statický obraz  |b sti  |2 rdacontent 
337 |a bez média  |b n  |2 rdamedia 
338 |a zväzok  |b nc  |2 rdacarrier 
500 |a Miesto vydania podľa NA ISBN 
610 2 7 |a Resocializačné centrum Nádej - Reménység (Veľké Kosihy, Slovensko)  |2 SNKKA  |9 473175 
650 0 7 |a alkoholici  |2 SNKPH  |9 4881 
650 0 7 |a abstinencia  |2 SNKPH  |9 20004 
650 0 7 |a resocializačné centrá  |2 SNKPH  |9 473176 
650 0 7 |a resocializácia  |2 SNKPH  |9 25526 
650 0 7 |a Alcoholics  |2 SNKPHeng  |9 372397 
650 0 7 |a Abstinence  |2 SNKPHeng  |9 445486 
650 0 7 |a Resocialization  |2 SNKPHeng  |9 340775 
655 7 |a maďarské príbehy  |2 SNKPH  |9 70495 
655 7 |a jubilejné publikácie  |2 SNKPH  |9 70339 
655 7 |a Hungarian stories  |2 SNKPHeng  |9 314231 
655 7 |a Jubilee books  |2 SNKPHeng  |9 281827 
700 1 |a Szőcs, Kálmán  |4 aut  |9 473177 
700 1 |a Szőcs, Dávid  |4 bjd  |4 pht  |9 473179 
852 |a Slovenská národná knižnica 
919 |a 978-80-974988-0-1 
954 |a beletria cudzojazyčná (svetová)  |2 lita 
958 |a LX 
958 |a HU 
999 |c 912005  |d 913935 
952 |a SNK  |b SNK  |y PREZ  |7 0  |p 17A1564767  |o snkSC 209410  |i snk2025/3163  |8 0  |0 0  |1 0  |4 0  |d 2025-02-21  |f 1  |l 0  |r 2025-11-03 00:00:00  |w 2026-02-24